Les émissions Samedi est à vous et La une est à vous - Statistiques

Statistiques générales
  • Ce quiz a été pris 10 fois
  • Le résultat moyen est 41 sur 120
Statistiques - réponses
Question Tuile Select % Correct
En séries françaises QUENTIN DURWARD Non
89%
En séries françaises LES CHEVALIERS DU CIEL Oui
78%
En dessins-animés (2e série) AGLAE ET SIDONIE Non
67%
En séries britanniques AMICALEMENT VOTRE Oui
67%
En séries américaines (2e série) BOB HOPE PRESENTE Non
67%
En séries britanniques CHAPEAU MELON ET BOTTES DE CUIR Oui
67%
En séries américaines (4e série) DR KILDARE Non
67%
En dessins-animés (2e série) GEDEON Non
67%
En séries britanniques JASON KING Non
67%
En dessins-animés (1ère série) LA MAISON DE TOUTOU Non
67%
En séries américaines (4e série) L'HOMME INVISIBLE Oui
67%
En séries françaises VIDOCQ Oui
67%
En séries françaises ARSENE LUPIN Oui
56%
En séries américaines (2e série) CANNON Oui
56%
En séries américaines (2e série) CENTRE MEDICAL Non
56%
En séries britanniques DANGER MAN Non
56%
En séries américaines (1ère série) DANIEL BOONE Non
56%
En séries françaises D'ARTAGNAN Oui
56%
En séries françaises JANIQUE AIMEE Non
56%
En séries américaines (2e série) LA ONZIEME HEURE Non
56%
En dessins-animés (1ère série) L'ARAIGNEE Non
56%
En séries britanniques LA VIPERE NOIRE Non
56%
En séries américaines (1ère série) LES ENVAHISSEURS Oui
56%
En séries américaines et australiennes (3e série) LE VIRGINIEN Non
56%
En séries américaines (1ère série) ROOM 777 Non
56%
En séries américaines (1ère série) SAM BENEDICT Non
56%
En séries britanniques SHERLOCK HOLMES Non
56%
En séries américaines (1ère série) SURFSIDE Non
56%
Entre deux séries, les spectateurs pouvaient voir... UN SKETCH D'UN IMITATEUR Non
56%
En séries américaines (1ère série) AU-DELA DU REEL Oui
44%
En dessins-animés (2e série) BARBAPAPA Non
44%
En séries américaines et australiennes (3e série) BEN CASEY Non
44%
Les séries et dessins animés étaient proposés dans des catégories auxquelles s'ajoutaient quelques autres choix, quelles catégories existaient ? HISTOIRE Non
44%
Les séries et dessins animés étaient proposés dans des catégories auxquelles s'ajoutaient quelques autres choix, quelles catégories existaient ? JEU Non
44%
En dessins-animés (1ère série) LA PANTHERE ROSE Oui
44%
Entre deux séries, les spectateurs pouvaient voir... LE JEU TELE-FIDELITE 1 Oui
44%
En séries britanniques LE PRISONNIER Oui
44%
En séries américaines (1ère série) LES MYSTERES DE L'OUEST Oui
44%
En séries françaises LES SAINTES CHERIES Non
44%
En séries américaines (4e série) MANNIX Oui
44%
En séries américaines (1ère série) MISSION IMPOSSIBLE Oui
44%
En séries américaines (4e série) ROUTE 66 Non
44%
En dessins-animés (1ère série) SATANAS ET DIABOLO Oui
44%
En dessins-animés (1ère série) SATANAS ET DIABOLO Non
44%
Entre deux séries, les spectateurs pouvaient voir... UN TOUR DE MAGIE Non
44%
En séries américaines (4e série) ZORRO Oui
44%
Les séries et dessins animés étaient proposés dans des catégories auxquelles s'ajoutaient quelques autres choix, quelles catégories existaient ? ACTUALITE DE LA SEMAINE Non
33%
Les séries et dessins animés étaient proposés dans des catégories auxquelles s'ajoutaient quelques autres choix, quelles catégories existaient ? ACTUALITE DU CINEMA Non
33%
En séries américaines et australiennes (3e série) AVENTURES AUSTRALES Oui
33%
En dessins-animés (2e série) BUGS BUNNY Oui
33%
En dessins-animés (1ère série) CHARLIE LE COQ Oui
33%
En séries américaines (2e série) COLUMBO Oui
33%
En séries britanniques COSMOS 1999 Oui
33%
Les séries et dessins animés étaient proposés dans des catégories auxquelles s'ajoutaient quelques autres choix, quelles catégories existaient ? DESSINS ANIMES Oui
33%
En séries américaines et australiennes (3e série) FBI Non
33%
En dessins-animés (1ère série) FELIX LE CHAT Oui
33%
En séries américaines (2e série) FLIPPER LE DAUPHIN Oui
33%
En dessins-animés (2e série) GROSMINET Oui
33%
En séries américaines et australiennes (3e série) LA GRANDE VALLEE Oui
33%
En séries américaines (1ère série) LE 6E SENS Oui
33%
En séries françaises LES GLOBES TROTTERS Oui
33%
Les séries et dessins animés étaient proposés dans des catégories auxquelles s'ajoutaient quelques autres choix, quelles catégories existaient ? POUR LES JEUNES Oui
33%
En dessins-animés (1ère série) TITI ET GROSMINET Oui
33%
Entre deux séries, les spectateurs pouvaient voir... UN CHALLENGE ENTRE DEUX SPORTIFS SUPER CHAMPIONS Oui
33%
En séries françaises UN GRAND AMOUR DE BALZAC Oui
33%
Entre deux séries, les spectateurs pouvaient voir... UN SKETCH D'UN HUMORISTE Non
33%
En dessins-animés (2e série) WOODY WOODPECKER Oui
33%
Les séries et dessins animés étaient proposés dans des catégories auxquelles s'ajoutaient quelques autres choix, quelles catégories existaient ? ANIMAUX Oui
22%
En séries britanniques ARTHUR ROI DES CELTES Oui
22%
En séries américaines (2e série) AU NOM DE LA LOI Non
22%
En séries françaises AUX FRONTIERES DU POSSIBLE Oui
22%
Les séries et dessins animés étaient proposés dans des catégories auxquelles s'ajoutaient quelques autres choix, quelles catégories existaient ? AVENTURES Oui
22%
En dessins-animés (1ère série) BABAR Oui
22%
En séries américaines (4e série) BRIGADE CRIMINELLE Oui
22%
Les séries et dessins animés étaient proposés dans des catégories auxquelles s'ajoutaient quelques autres choix, quelles catégories existaient ? EXTRAIT DE FILMS Oui
22%
En séries britanniques FOLLYFOOT Oui
22%
En séries américaines (4e série) GUNSMOKE Oui
22%
En séries américaines et australiennes (3e série) KUNG FU Oui
22%
En dessins-animés (1ère série) LAUREL ET HARDY Oui
22%
En séries américaines (1ère série) L'AVENTURIER Oui
22%
En séries américaines (4e série) LE FUGITIF Non
22%
Entre deux séries, les spectateurs pouvaient voir... LE JEU HISTOIRE-STOP Oui
22%
En dessins-animés (1ère série) LE MANEGE ENCHANTE Oui
22%
En dessins-animés (2e série) LE PRINCE SAPHIR Oui
22%
En dessins-animés (2e série) LE ROI LEO Oui
22%
En séries britanniques LE SAINT Non
22%
En dessins-animés (2e série) LES AVENTURE DE JOE Oui
22%
En séries britanniques LES MYSTERES D'ORSON WELLES Oui
22%
En dessins-animés (2e série) LES SENTINELLES DE L'AIR Non
22%
En séries américaines (2e série) L'IMMORTEL Oui
22%
Les séries et dessins animés étaient proposés dans des catégories auxquelles s'ajoutaient quelques autres choix, quelles catégories existaient ? POLICIER Oui
22%
En séries américaines (1ère série) PRIMUS Oui
22%
En dessins-animés (2e série) SCOUBIDOU Non
22%
En séries françaises SHULMEISTER L'ESPION DE L'EMPEREUR Oui
22%
Entre deux séries, les spectateurs pouvaient voir... UN NUMERO DE CIRQUE Non
22%
En dessins-animés (1ère série) BOZO LE CLOWN Oui
11%
En séries américaines et australiennes (3e série) HAWAI 5-0 Non
11%
En séries américaines (4e série) HISTOIRE DU SIECLE DERNIER Oui
11%
En séries américaines et australiennes (3e série) LA NOUVELLE EQUIPE Oui
11%
En séries américaines (4e série) LE PROSCRIT Oui
11%
En séries françaises LES EVASIONS CELEBRES Oui
11%
En séries américaines (2e série) L'HOMME DE VIENNE Oui
11%
En séries américaines (2e série) OPERATION VOL Oui
11%
En séries américaines et australiennes (3e série) POLICE DES PLAINES Oui
11%
En séries américaines et australiennes (3e série) RANCH L Oui
11%
En séries américaines (2e série) SAM CADE Oui
11%
Les séries et dessins animés étaient proposés dans des catégories auxquelles s'ajoutaient quelques autres choix, quelles catégories existaient ? SPORT Oui
11%
En séries américaines (4e série) SUSPENSE Oui
11%
Entre deux séries, les spectateurs pouvaient voir... UN CHALLENGE ENTRE DEUX CHANTEURS CHAMPIONS Oui
11%
Entre deux séries, les spectateurs pouvaient voir... UN CHALLENGE ENTRE DEUX CHANTEURS ESPOIRS Oui
11%
Entre deux séries, les spectateurs pouvaient voir... UN CHALLENGE ENTRE DEUX SPORTIFS CHAMPIONS Oui
11%
Entre deux séries, les spectateurs pouvaient voir... UN CHALLENGE ENTRE DEUX SPORTIFS ESPOIRS Oui
11%
Les séries et dessins animés étaient proposés dans des catégories auxquelles s'ajoutaient quelques autres choix, quelles catégories existaient ? WESTERN Oui
11%
En séries américaines (4e série) ANNA ET LE ROI Oui
0%
En séries américaines (2e série) HONDO Oui
0%
En séries américaines et australiennes (3e série) LA REGLES DU JEU Oui
0%
En séries américaines (1ère série) L'HOMME DE FER Non
0%
En séries américaines et australiennes (3e série) NE MANGEZ PAS LES MARGUERITES Oui
0%
Entre deux séries, les spectateurs pouvaient voir... UN CHALLENGE ENTRE DEUX CHANTEURS SUPER CHAMPIONS Oui
0%
En dessins-animés (2e série) VICTOR ET HORACE Oui
0%
Aucun quiz correspondant
Distribution des résultats
% des personnes avec chaque résultat
Percentile par nombre de réponses
Votre historique - résultats
Vous n’avez pas pris ce quiz